000 01489nam a22002777a 4500
999 _c1787
_d1787
003 CoMeUDC
005 20240604150156.0
008 240604b ||||| |||| 00| 0 eng d
020 _a9789587918908
040 _besp
_cCO-UdeC
_dCO-UdeC
_eAARC
_eISBD
082 _a346.80
_bT866
100 _91296
_aTrujillo González, José Saúl.
_eautor.
245 _aSistema jurídico y personas en condiciones de vulnerabilidad :
_bLucha permanente por la inclusión social /
_cJosé Saúl Trujillo González.
260 _aBogotá :
_bGrupo Editorial Ibañez,
_c2023.
300 _a118 p. ;
_c24 cm.
490 _aLibro Resultado de Investigación. Serie mayor
_v25
504 _aIncluye bibliografía.
505 _aDerechos de los niños, niñas y adolescentes en el marco del Estado constitucional de derecho -- Derechos de la comunidad LGBTIQ+: una lucha permanente por su inclusión -- Derechos de las mujeres: persistente lucha por su reconocimiento -- Derecho de los grupos étnicos: ancestral lucha por su reconocimiento -- Construcción de comunidad para las personas en condición de discapacidad.
546 _aEspañol.
650 0 _92522
_aPoblación vulnerable
_xSituación legal
_zAmérica Latina
650 0 _92306
_aMinorías
_xAspectos jurídicos
_zAmérica Latina
650 0 _92523
_aIntegración social
_xAspectos Jurídicos
_zAmérica Latina
650 0 _92524
_aSistema Jurídico
_zAmérica Latina
650 0 _92106
_aDerecho comparado
_zAmérica Latina
942 _2ddc
_cBK